|
|
|
|
| LEADER |
00000nab a2200000 ar4500 |
| 001 |
vtls010039998 |
| 003 |
SK-MaSNL |
| 005 |
20260426062708.0 |
| 008 |
100118c2009 xo |r|p|||||||000 b|slo |
| 015 |
|
|
|a SNBRB2010/01
|2 snkbucl
|
| 038 |
|
|
|a SNKBUCL
|
| 040 |
|
|
|a SNKBUCL
|b slo
|c SNKBUCL
|e AACR2
|
| 041 |
0 |
|
|a slo
|
| 044 |
|
|
|a xo
|c SK
|
| 080 |
|
|
|a 655.413
|x (437.6)
|2 2001
|
| 080 |
|
|
|a 06.068
|x (437.6)
|2 2001
|
| 245 |
0 |
0 |
|a Ikariáda 2009
|
| 300 |
|
|
|b Fotogr.
|
| 610 |
2 |
7 |
|a Ikar (vydavateľstvo)
|2 snkbucl
|9 85096
|
| 611 |
2 |
7 |
|a Ikariáda
|d (2009 :
|c Bratislava, Slovensko)
|2 snkbucl
|9 1282459
|
| 648 |
|
7 |
|a 2009
|2 snkbucl
|9 320114
|
| 648 |
|
7 |
|a 3.12.2009
|2 snkbucl
|9 747420
|
| 650 |
0 |
7 |
|a Zlaté pero (literárna cena)
|y za r. 2009
|2 snkbucl
|9 1282460
|
| 650 |
0 |
7 |
|a Zlatá kniha (knižná cena)
|y za r. 2009
|2 snkbucl
|9 1282461
|
| 651 |
|
7 |
|a Bratislava (Slovensko)
|2 snkbucl
|9 14568
|
| 773 |
0 |
|
|t Knižná revue
|g Roč. XIX, č. 26 (2009), s. 2
|x 1210-1982
|
| 852 |
|
|
|a SNK
|b KIS3GCP
|
| 958 |
|
|
|a KL
|
| 958 |
|
|
|a SK
|
| 999 |
|
|
|c 2548521
|d 2550451
|